| 000 | 00480nam a22001697a 4500 | ||
|---|---|---|---|
| 005 | 20251108164100.0 | ||
| 008 | 250721s1995 xx 000 0 ara d | ||
| 082 | 1 | 4 | _a216,916/غاد |
| 100 | 1 | _aغادى، ياسين | |
| 245 | 1 | 0 | _aالدبلوماسية الإسلامية مقارنة بالقانون الدولي الحديث / |
| 264 | _c1995. | ||
| 300 | _a280ص | ||
| 650 | 1 | 7 | _aالدبلوماسية |
| 650 | 1 | 7 | _aالإسلام |
| 942 |
_2ddc _cBK |
||
| 999 |
_c3138 _d3138 |
||